| 000 | 00795nam a22002177a 4500 | ||
|---|---|---|---|
| 999 |
_c837 _d837 |
||
| 003 | AR-CdUCM | ||
| 008 | 190225b ||||| |||| 00| 0 spa d | ||
| 040 |
_aMUNICIPALIDAD PROVINCIAL DEL CUSCO _cBIBLIOTECA MUNICIPAL DEL CUSCO |
||
| 082 |
_a230 / _bG984 |
||
| 100 |
_aGutierrez, Gustavo _93171 |
||
| 245 | _aLa Fuerza Histórica de los Pobres / | ||
| 260 |
_aLima : _bCentro de Estudios y Publicaciones, _c1979. |
||
| 300 |
_a423 paginas ; _b5 Ilustraciones _c19 cm. |
||
| 505 | _aRevelación y anuncio de Dios en la historia -- De Medellin a Puebla -- Desde la Praxis de Liberación -- Creer para comprender... | ||
| 650 |
_aEpiscopado _93172 |
||
| 650 |
_aAsistencialismo _93173 |
||
| 650 |
_aTeologia _93174 |
||
| 650 |
_aEvangelios _93175 |
||
| 942 |
_2ddc _cLIBROS |
||
| 945 |
_awnts _d2019-02-25 |
||